000 00477nam a2200169 i 4500
001 82740
003 ES-MaACL
005 20230906174726.0
007 t|
008 041111s1933 ve ||||1| spa d
100 1 _aInnes-González, Eduardo.
_965329
245 1 0 _aVida
_b: comedia en un acto /
_cEduardo Innes González.
260 _aCaracas :
_b[s.n.],
_c1933 (
_fTip. Nacional)
300 _a30 p. ;
_c16 cm.
852 _aES-MaACL
_j1791-F-3
852 _aES-MaACL
_j1786-F-1
999 _c82740
_d82740